Bundesliga players 2019/20 - Statistics

General Stats
  • This quiz has been taken 7 times
  • The average score is 125 of 487
Answer Stats
Rank Player Positions Nationality Matches Goals Assists Clubs % Correct
12 Achraf Hakimi DF, MF 33 5 10
83%
135 Alexander Nübel GK 26 0 0
83%
104 David Alaba DF, MF 28 1 1
83%
313 Florian Müller GK 13 0 0
83%
169 Jérôme Boateng DF 24 0 2
83%
18 Joshua Kimmich DF, MF 33 4 7
83%
20 Manuel Neuer GK 33 0 0
83%
36 Marcel Sabitzer DF, MF, FW 32 9 7
83%
291 Mario Götze MF, FW 15 3 0
83%
61 Mats Hummels DF 31 1 3
83%
64 Robert Lewandowski FW 31 34 4
83%
66 Roman Bürki GK 31 0 0
83%
27 Thomas Müller MF, FW 33 8 21
83%
48 Victor Sá MF, FW 32 2 2
83%
11 Yann Sommer GK 34 0 0
83%
200 Aarón Martín DF 22 0 0
67%
123 Alassane Pléa MF, FW 27 10 10
67%
81 Alphonso Davies DF 29 3 5
67%
240 Andrej Kramarić MF, FW 19 12 2
67%
149 André Silva FW 25 12 3
67%
308 Angeliño DF, FW 13 1 2
67%
125 Anthony Modeste FW 27 4 1
67%
99 Axel Witsel DF, MF 28 4 5
67%
150 Benito Raman MF, FW 25 4 3
67%
29 Benjamin Pavard DF 32 4 4
67%
2 Christian Günter DF, MF 34 2 8
67%
136 Christoph Baumgartner MF, FW 26 7 2
67%
202 Christoph Kramer MF 22 0 0
67%
310 Corentin Tolisso MF 13 1 2
67%
102 Daichi Kamada MF, FW 28 2 4
67%
229 David Abraham DF 20 2 0
67%
105 Dayot Upamecano DF 28 0 1
67%
203 Emil Forsberg MF, FW 22 5 2
67%
325 Emre Can DF, MF 12 2 0
67%
282 Erling Haaland FW 15 13 2
67%
14 Filip Kostić DF, FW 33 4 11
67%
72 Florian Neuhaus MF 30 4 2
67%
385 Florian Wirtz MF, FW 7 1 0
67%
284 Gio Reyna MF, FW 15 0 1
67%
372 Ibrahima Konaté DF 8 0 0
67%
34 Jadon Sancho MF, FW 32 17 16
67%
273 Javi Martínez DF, MF 16 0 0
67%
85 Jhon Córdoba FW 29 13 2
67%
86 Jonas Hector DF, MF 29 4 2
67%
170 Jonas Hofmann MF, FW 24 5 3
67%
467 Jonas Hofmann MF 1 0 0
67%
154 Jonathan Tah DF 25 0 1
67%
19 Julian Brandt MF, FW 33 3 7
67%
75 Kai Havertz MF, FW 30 12 6
67%
156 Kerem Demirbay MF 25 1 5
67%
187 Keven Schlotterbeck DF, FW 23 0 0
67%
342 Kevin Kampl MF 11 2 2
67%
205 Kevin Trapp GK 22 0 0
67%
171 Kingsley Coman MF, FW 24 4 3
67%
142 Koen Casteels GK 26 0 0
67%
88 Konrad Laimer DF, MF 29 2 6
67%
158 Lars Stindl MF, FW 25 9 3
67%
208 Leon Bailey DF, MF, FW 22 5 3
67%
172 Leon Goretzka MF 24 6 5
67%
474 Luca Horn DF 1 0 0
67%
173 Lucas Alario MF, FW 24 7 1
67%
5 Lucas Höler MF, FW 34 8 2
67%
6 Lukáš Hrádecký GK 34 0 0
67%
56 Lukas Klostermann DF 31 3 1
67%
91 Manuel Akanji DF, MF 29 0 1
67%
92 Marcel Halstenberg DF, MF, FW 29 3 3
67%
243 Marco Reus MF, FW 19 11 5
67%
58 Marcus Thuram MF, FW 31 10 8
67%
423 Marwin Hitz GK 4 0 0
67%
62 Matthias Ginter DF, MF 31 1 1
67%
114 Moussa Diaby MF, FW 28 5 5
67%
76 Nadiem Amiri MF, FW 30 1 2
67%
317 Nico Schlotterbeck DF 13 0 0
67%
378 Niklas Süle DF 8 0 1
67%
160 Nordi Mukiele DF, FW 25 3 1
67%
77 Oliver Baumann GK 30 0 0
67%
211 Patrik Schick MF, FW 22 10 2
67%
41 Péter Gulácsi GK 32 0 1
67%
244 Ramy Bensebaini DF 19 5 3
67%
94 Raphaël Guerreiro DF, MF, FW 29 8 2
67%
80 Robert Andrich DF, MF 30 1 2
67%
43 Robin Koch DF, MF 32 1 0
67%
293 Salif Sané DF, MF 15 2 1
67%
67 Serge Gnabry DF, MF, FW 31 12 10
67%
483 Sven Ulreich GK 1 0 0
67%
28 Thorgan Hazard DF, MF, FW 33 7 13
67%
9 Timo Horn GK 34 0 0
67%
10 Timo Werner MF, FW 34 28 8
67%
134 Vincenzo Grifo MF, FW 27 4 8
67%
332 Willi Orban DF 12 1 0
67%
215 Yussuf Poulsen MF, FW 22 5 6
67%
457 Ante Rebić MF, FW 1 0 0
50%
101 Breel Embolo MF, FW 28 8 5
50%
30 Christopher Nkunku MF, FW 32 5 13
50%
281 Dan-Axel Zagadou DF 15 1 1
50%
241 Danny da Costa DF, FW 19 1 4
50%
71 Dodi Lukebakio MF, FW 30 7 6
50%
298 Edmond Tapsoba DF 14 0 0
50%
51 Florian Grillitsch DF, MF 31 0 3
50%
108 Florian Kainz MF, FW 28 5 6
50%
272 Grischa Prömel MF 16 0 0
50%
204 Ivan Perišić DF, MF, FW 22 4 3
50%
464 Jamal Musiala MF, FW 1 0 0
50%
264 Jean Zimmer DF, FW 17 0 0
50%
300 Johannes Eggestein DF, MF, FW 14 1 0
50%
110 Josh Sargent MF, FW 28 4 2
50%
53 Kaan Ayhan DF, MF 31 2 3
50%
141 Karim Bellarabi DF, MF, FW 26 4 6
50%
232 Kenan Karaman MF, FW 20 6 1
50%
266 Kevin Stöger MF, FW 17 0 4
50%
157 Kevin Vogt DF, MF 25 0 0
50%
129 Kevin Volland MF, FW 27 10 7
50%
251 Lars Bender DF, MF 18 2 1
50%
400 Lukas Nmecha MF, FW 6 0 0
50%
392 Marcel Schmelzer DF 7 1 1
50%
59 Martin Hinteregger DF, MF 31 8 1
50%
7 Matthias Zimmermann DF, MF 34 1 2
50%
21 Maximilian Arnold MF 33 4 8
50%
38 Maximilian Eggestein MF 32 1 3
50%
113 Milot Rashica MF, FW 28 8 5
50%
346 Nico Schulz DF, MF, FW 11 1 0
50%
347 Paco Alcácer FW 11 5 1
50%
196 Philippe Coutinho MF, FW 23 8 6
50%
42 Rani Khedira DF, MF 32 0 2
50%
133 Renato Steffen MF, FW 27 6 3
50%
79 Ridle Baku DF, MF, FW 30 1 3
50%
213 Robin Zentner GK 22 0 0
50%
46 Sebastian Rudy MF 32 1 3
50%
320 Sheraldo Becker MF, FW 13 0 2
50%
26 Sven Bender DF, MF 33 2 1
50%
331 Taiwo Awoniyi MF, FW 12 1 0
50%
357 Timo Becker DF, MF 10 0 0
50%
179 Wendell DF, MF 24 0 2
50%
120 Weston McKennie DF, MF, FW 28 3 0
50%
49 Wout Weghorst FW 32 16 3
50%
270 Zack Steffen GK 17 0 0
50%
122 Ádám Szalai FW 27 1 1
33%
124 Alfredo Morales DF, MF 27 1 2
33%
238 Almamy Touré DF, MF 19 1 3
33%
239 Amadou Haidara MF, FW 19 0 1
33%
148 Amine Harit MF, FW 25 6 4
33%
82 André Hoffmann DF, MF 29 2 1
33%
296 Arne Maier MF 14 0 0
33%
166 Bas Dost FW 24 8 2
33%
126 Charles Aránguiz MF 27 1 3
33%
297 Christian Groß DF, MF 14 0 0
33%
246 Claudio Pizarro FW 18 0 0
33%
324 Dani Olmo MF, FW 12 3 1
33%
70 Davie Selke FW 30 1 1
33%
230 Dawid Kownacki MF, FW 20 0 0
33%
83 Djibril Sow MF 29 1 3
33%
32 Ellyes Skhiri MF 32 1 3
33%
263 Florian Kastenmeier GK 17 0 0
33%
221 Guido Burgstaller MF, FW 21 0 1
33%
405 Hannes Wolf MF, FW 5 0 0
33%
222 Jeffrey Gouweleeuw DF 21 0 1
33%
420 Ji Dong-won MF, FW 4 0 0
33%
153 John Brooks DF 25 0 1
33%
364 Joshua Zirkzee FW 9 4 0
33%
128 Julian Baumgartlinger DF, MF 27 2 2
33%
314 Julian Weigl DF, MF 13 1 0
33%
242 Lucas Hernández DF 19 0 1
33%
189 Luca Waldschmidt MF, FW 23 7 1
33%
90 Łukasz Piszczek DF, MF 29 1 3
33%
191 Makoto Hasebe DF, MF 23 0 0
33%
253 Marcel Sobottka MF 18 0 1
33%
131 Marco Friedl DF, MF 27 1 3
33%
57 Marco Richter MF, FW 31 4 3
33%
223 Marius Wolf DF, MF, FW 21 1 3
33%
225 Matheus Cunha MF, FW 21 5 1
33%
402 Maximilian Beier MF, FW 6 0 0
33%
143 Maximilian Mittelstädt DF, MF, FW 26 1 3
33%
234 Michael Gregoritsch MF, FW 20 1 1
33%
370 Mickaël Cuisance MF, FW 9 1 0
33%
174 Miloš Veljković DF 24 0 1
33%
377 Niclas Füllkrug FW 8 4 1
33%
39 Nico Elvedi DF 32 1 0
33%
226 Niklas Stark DF, MF 21 1 0
33%
8 Nils Petersen MF, FW 34 11 2
33%
210 Obite N'Dicka DF 22 1 1
33%
161 Oscar Wendt DF, MF 25 2 2
33%
145 Ozan Kabak DF 26 3 1
33%
132 Patrick Herrmann DF, MF, FW 27 6 6
33%
78 Pavel Kadeřábek DF, FW 30 2 7
33%
63 Philipp Max DF, MF 31 8 6
33%
227 Robin Knoche DF 21 1 0
33%
44 Robin Quaison MF, FW 32 13 2
33%
228 Roland Sallai MF, FW 21 2 0
33%
45 Rouwen Hennings MF, FW 32 15 0
33%
95 Rune Jarstein GK 29 0 0
33%
116 Sebastiaan Bornauw DF 28 6 0
33%
25 Sebastian Andersson FW 33 12 1
33%
96 Sebastian Rode MF 29 3 3
33%
68 Stefan Lainer DF, MF 31 1 3
33%
237 Suat Serdar MF, FW 20 7 0
33%
97 Sven Michel MF, FW 29 5 1
33%
177 Thiago Alcántara MF 24 3 0
33%
349 Thomas Delaney MF 11 0 0
33%
269 Tony Jantschke DF, MF 17 0 0
33%
162 Vedad Ibišević FW 25 7 2
33%
199 Xaver Schlager MF 23 1 2
33%
216 Admir Mehmedi MF, FW 21 2 2
17%
147 Ahmed Kutucu MF, FW 25 3 2
17%
279 Aleksandar Dragović DF, MF 15 0 0
17%
201 Alessandro Schöpf DF, MF, FW 22 0 1
17%
295 Alexander Hack DF 14 0 0
17%
164 Alexander Schwolow GK 24 0 0
17%
217 Alfreð Finnbogason FW 21 3 1
17%
280 André Hahn MF, FW 15 1 0
17%
396 Antony Evans DF, MF 6 0 0
17%
151 Benjamin Hübner DF 25 1 4
17%
50 Christian Gentner MF 31 3 2
17%
137 Christopher Lenz DF, MF, FW 26 0 3
17%
31 Christopher Trimmel DF, MF, FW 32 0 8
17%
311 Daley Sinkgraven DF, MF, FW 13 0 1
17%
180 Daniel Baier MF 23 1 0
17%
103 Daniel Caligiuri DF, MF, FW 28 2 2
17%
13 Davy Klaassen MF 33 7 5
17%
106 Dedryck Boyata DF 28 4 1
17%
182 Denis Zakaria DF, MF 23 2 2
17%
139 Dominik Kohr DF, MF 26 0 3
17%
107 Dominique Heintz DF 28 0 1
17%
167 Edimilson Fernandes DF, MF, FW 24 1 0
17%
362 Erik Durm DF, FW 9 0 0
17%
220 Ermin Bičakčić DF 21 2 0
17%
434 Exequiel Palacios MF 3 0 0
17%
444 Fabian Reese MF, FW 2 0 0
17%
184 Felix Klaus MF, FW 23 0 1
17%
335 Florian Hübner DF 11 0 0
17%
15 Florian Niederlechner MF, FW 33 13 6
17%
363 Frederik Rønnow GK 9 0 0
17%
336 Gelson Fernandes MF 11 0 0
17%
436 Georg Teigl DF, MF, FW 3 0 0
17%
168 Gerrit Holtmann DF, MF, FW 24 1 0
17%
337 Håvard Nordtveit DF, MF 11 0 1
17%
353 Iago DF, MF 10 1 1
17%
386 Ibrahima Traoré MF, FW 7 0 1
17%
33 Ihlas Bebou DF, MF, FW 32 6 1
17%
231 Ismail Jakobs DF, MF, FW 20 2 2
17%
285 Jacob Bruun Larsen MF, FW 15 0 2
17%
140 Janik Haberer MF, FW 26 2 2
17%
399 Jannik Huth GK 6 0 0
17%
109 Jean-Paul Boëtius MF, FW 28 4 5
17%
248 Jean-Philippe Mateta FW 18 3 1
17%
265 Jeffrey Bruma DF 17 0 0
17%
84 Jérôme Roussillon DF 29 1 1
17%
16 Jiří Pavlenka GK 33 0 0
17%
374 Jonathan Burkardt MF, FW 8 1 0
17%
52 Jonjoe Kenny DF 31 2 3
17%
74 Josip Brekalo MF, FW 30 3 4
17%
155 Josuha Guilavogui DF, MF 25 0 1
17%
301 Julian Ryerson DF, MF 14 0 0
17%
35 Karim Onisiwo MF, FW 32 4 6
17%
250 Kevin Akpoguma DF, FW 18 0 0
17%
287 Krzysztof Piątek FW 15 4 1
17%
470 Kwasi Okyere Wriedt FW 1 0 0
17%
206 László Bénes MF 22 0 4
17%
252 Leandro Barreiro Martins MF 18 0 2
17%
89 Leonardo Bittencourt MF, FW 29 4 2
17%
130 Levin Öztunalı MF, FW 27 4 3
17%
327 Ludwig Augustinsson DF, MF, FW 12 0 1
17%
190 Lukas Klünter DF, MF, FW 23 0 2
17%
408 Lukas Kübler DF, MF 5 0 0
17%
391 Lukas Rupp MF, FW 7 0 0
17%
451 Mads Pedersen DF, MF 2 0 1
17%
328 Mahmoud Dahoud MF 12 0 1
17%
267 Manuel Gulde DF 17 1 0
17%
290 Marco Höger DF, MF 15 0 0
17%
37 Marius Bülter DF, MF, FW 32 7 1
17%
93 Marko Grujić MF 29 4 1
17%
366 Markus Schubert GK 9 0 0
17%
192 Mark Uth MF, FW 23 5 5
17%
60 Marvin Friedrich DF 31 2 0
17%
274 Matija Nastasić DF 16 0 0
17%
193 Mijat Gaćinović DF, MF, FW 23 0 1
17%
255 Mitchell Weiser DF, MF, FW 18 1 0
17%
22 Moussa Niakhate DF 33 1 2
17%
40 Nicolas Höfler MF 32 1 0
17%
209 Niklas Moisander DF 22 0 0
17%
159 Niko Gießelmann DF, FW 25 1 1
17%
257 Noah Katterbach DF, MF 18 0 0
17%
144 Ohis Felix Uduokhai DF 26 0 0
17%
479 Oliver Batista-Meier MF, FW 1 0 0
17%
412 Omar Marmoush MF, FW 5 0 0
17%
195 Omar Mascarell MF 23 0 1
17%
395 Ondrej Duda MF, FW 7 0 1
17%
379 Pavao Pervan GK 8 0 0
17%
212 Philipp Lienhart DF 22 0 1
17%
426 Phillipp Mwene DF, MF 4 0 0
17%
115 Pierre Kunde MF, FW 28 4 0
17%
235 Rabbi Matondo MF, FW 20 2 0
17%
23 Rafał Gikiewicz GK 33 0 0
17%
24 Ruben Vargas MF, FW 33 6 1
17%
414 Salomon Kalou MF, FW 5 1 0
17%
117 Stefan Posch DF 28 0 0
17%
118 Theodor Gebre Selassie DF, MF, FW 28 2 2
17%
427 Thomas Kraft GK 4 0 0
17%
484 Tim Lemperle MF, FW 1 0 0
17%
306 Tyler Adams DF, MF 14 0 0
17%
277 Uwe Hünemeier DF 16 1 0
17%
322 Valon Berisha MF, FW 13 0 1
17%
119 Vladimír Darida MF 28 3 4
17%
323 Yunus Mallı MF, FW 13 0 1
17%
121 Yuya Osako MF, FW 28 8 2
17%
163 Abdelhamid Sabiri MF, FW 24 4 1
0%
98 Adam Bodzek DF, MF 28 0 0
0%
333 Ademola Lookman MF, FW 11 0 0
0%
428 Akaki Gogia MF, FW 3 0 0
0%
383 Alexander Esswein MF, FW 7 0 0
0%
404 Alexandru Maxim MF, FW 5 0 0
0%
429 Álvaro Odriozola DF 3 0 0
0%
307 Amir Abrashi MF 13 0 0
0%
350 Andreas Luthe GK 10 0 0
0%
165 Anthony Ujah MF, FW 24 3 2
0%
430 Aymen Barkok DF, MF, FW 3 0 0
0%
431 Babacar Guèye FW 3 0 0
0%
1 Bastian Oczipka DF, FW 34 0 5
0%
351 Benjamin Goller MF, FW 10 0 0
0%
359 Benjamin Stambouli DF, MF 9 0 0
0%
245 Benno Schmitz DF 18 0 0
0%
100 Ben Zolinski MF, FW 28 3 2
0%
360 Bernard Tekpetey MF, FW 9 0 1
0%
361 Birger Verstraete MF 9 0 1
0%
384 Brandon Borrello MF, FW 7 0 0
0%
432 Can Bozdogan MF, FW 3 0 0
0%
334 Carlos Gruezo MF 11 0 1
0%
309 Cauly Oliveira Souza MF, FW 13 2 0
0%
458 Chris Richards DF, MF 1 0 0
0%
459 Christian Clemens MF, FW 1 0 0
0%
271 Christian Strohdiek DF 16 1 2
0%
3 Christopher Antwi-Adjei MF, FW 34 1 2
0%
460 Daishawn Redan MF, FW 1 0 0
0%
138 Daniel Brosinski DF, MF, FW 26 2 4
0%
247 Daniel Ginczek MF, FW 18 3 1
0%
181 Danny Latza MF 23 0 2
0%
461 Darko Churlinov DF, MF 1 0 0
0%
418 Dejan Joveljić FW 4 0 0
0%
462 Dennis Borkowski MF, FW 1 0 0
0%
218 Dennis Geiger MF 21 0 3
0%
397 Dennis Jastrzembski DF, MF, FW 6 0 0
0%
443 Dennis Smarsch GK 2 0 0
0%
261 Dennis Srbeny MF, FW 17 5 1
0%
219 Diadie Samassékou MF 21 0 1
0%
262 Diego Demme DF, MF 17 0 0
0%
127 Dominick Drexler MF, FW 27 3 4
0%
183 Eduard Löwen MF, FW 23 2 1
0%
312 Elvis Rexhbeçaj MF, FW 13 0 3
0%
4 Erik Thommy MF, FW 34 6 4
0%
433 Ethan Ampadu DF, MF 3 0 0
0%
398 Fabian Johnson DF, MF 6 0 0
0%
283 Felix Kroos DF, MF, FW 15 0 0
0%
435 Felix Wiedwald GK 3 0 0
0%
299 Fin Bartels MF, FW 14 0 0
0%
352 Fredrik Jensen MF, FW 10 1 0
0%
437 Gian-Luca Itter DF 3 0 0
0%
185 Gonçalo Paciência MF, FW 23 7 3
0%
463 Ilay Elmkies MF 1 0 0
0%
406 Ishak Belfodil MF, FW 5 0 0
0%
73 Jamilu Collins DF 30 1 2
0%
465 Jan Luca Rumpf DF 1 0 0
0%
338 Jan Morávek MF, FW 11 0 1
0%
326 Jan Thielmann DF, MF, FW 12 0 1
0%
186 Javairô Dilrosun MF, FW 23 4 2
0%
373 Jean-Clair Todibo DF 8 0 0
0%
445 Jérôme Gondorf MF, FW 2 0 0
0%
152 Jerry St. Juste DF, MF 25 2 2
0%
419 Jessic Ngankam MF, FW 4 0 1
0%
466 Joel Pohjanpalo MF, FW 1 0 0
0%
375 Jonathan de Guzmán MF 8 0 1
0%
17 Jonathan Schmid DF, MF 33 5 1
0%
438 Jordan Beyer DF 3 0 0
0%
249 Jordan Torunarigha DF 18 1 1
0%
339 Jorge Meré DF 11 1 0
0%
286 Joshua Mees MF, FW 15 0 1
0%
340 Juan Miranda DF 11 0 0
0%
446 Julian Schieber FW 2 0 0
0%
341 Jürgen Locadia MF, FW 11 4 0
0%
54 Kai Pröger MF, FW 31 2 6
0%
302 Karim Rekik DF 14 1 0
0%
315 Kasim Nuhu DF 13 1 0
0%
468 Keanan Bennetts DF, MF, FW 1 0 0
0%
447 Kelvin Ofori MF 2 0 0
0%
387 Ken Reichel DF, MF 7 0 0
0%
233 Kevin Mbabu DF 20 3 1
0%
469 Kevin Möhwald MF 1 0 0
0%
448 Khiry Shelton FW 2 0 0
0%
55 Kingsley Ehizibue DF, MF, FW 31 1 1
0%
316 Kingsley Schindler DF, MF, FW 13 0 2
0%
87 Klaus Gjasula DF, MF 29 2 1
0%
388 Kostas Stafylidis DF, MF 7 1 0
0%
188 Kwon Chang-hoon MF, FW 23 2 0
0%
471 Lasse Sobiech DF, MF 1 0 0
0%
207 Laurent Jans DF, MF 22 0 1
0%
439 Lazar Samardzic MF, FW 3 0 0
0%
389 Leonardo Balerdi DF, MF 7 0 0
0%
449 Leon Dajaku DF, MF, FW 2 0 0
0%
111 Leopold Zingerle GK 28 0 0
0%
407 Levent Mercan MF, FW 5 0 0
0%
376 Lewis Baker MF 8 0 0
0%
472 Lino Tempelmann MF 1 0 0
0%
365 Louis Schaub MF, FW 9 1 1
0%
288 Luca Kilian DF 15 0 0
0%
450 Lucas Ribeiro MF 2 1 0
0%
390 Lucas Torró MF 7 0 0
0%
473 Luc Ihorst FW 1 0 0
0%
421 Malick Thiaw DF 4 0 0
0%
452 Mamadou Doucouré MF 2 0 0
0%
475 Mamoudou Karamoko MF 1 0 0
0%
409 Manuel Schmiedebach MF 5 0 0
0%
422 Marcelo Saracchi DF 4 1 0
0%
401 Marcel Risse DF, MF, FW 6 0 2
0%
289 Marcel Tisserand DF 15 1 1
0%
112 Marcus Ingvartsen MF, FW 28 5 2
0%
393 Marek Suchý DF 7 0 0
0%
343 Marin Pongračić DF 11 2 0
0%
354 Mark Flekken GK 10 0 0
0%
224 Markus Suttner GK, DF 21 0 1
0%
344 Marlon Ritter MF 11 0 1
0%
453 Martin Harnik MF, FW 2 0 0
0%
268 Marvin Plattenhardt DF, MF 17 0 5
0%
410 Mateu Morey DF, MF 5 0 1
0%
394 Mathew Leckie DF, MF, FW 7 0 0
0%
367 Mathias Jørgensen DF 9 0 1
0%
476 Matthias Bader DF, MF 1 0 0
0%
454 Melayro Bogarde DF, MF 2 0 0
0%
368 Michael Lang DF, FW 9 0 0
0%
369 Michael Parensen DF 9 1 0
0%
254 Mike Frantz MF, FW 18 0 1
0%
303 Moanes Dabbur MF, FW 14 4 0
0%
256 Mohamed Dräger DF, MF, FW 18 1 3
0%
477 Moritz Nicolas GK 1 0 0
0%
345 Nassim Boujellab MF, FW 11 0 0
0%
194 Neven Subotić DF 23 1 0
0%
411 Nick Woltemade MF, FW 5 0 0
0%
478 Niclas Thiede GK 1 0 0
0%
355 Noah Joel Sarenren Bazee MF, FW 10 1 0
0%
275 Nuri Şahin MF 16 0 3
0%
304 Oliver Fink MF, FW 14 0 1
0%
356 Ömer Toprak DF 10 0 0
0%
329 Opoku Ampomah MF, FW 12 0 0
0%
440 Panagiotis Retsos DF, FW 3 0 0
0%
424 Pascal Köpke MF, FW 4 0 0
0%
318 Paulinho MF, FW 13 3 2
0%
413 Paulo Otávio DF, MF 5 0 1
0%
175 Per Ciljan Skjelbred MF 24 0 0
0%
371 Peter Pekarík DF 9 0 0
0%
292 Philipp Bargfrede MF 15 0 0
0%
425 Philipp Pentke GK 4 0 0
0%
146 Rafael Czichos DF 26 1 1
0%
380 Raffael MF, FW 8 0 0
0%
258 Raphael Framberger DF 18 0 2
0%
330 Reece Oxford DF, MF 12 0 0
0%
480 Renato Sanches MF 1 0 0
0%
65 Robert Skov DF, MF, FW 31 4 7
0%
441 Robin Bormuth DF 3 0 0
0%
381 Ronaël Pierre-Gabriel DF 8 0 1
0%
415 Samúel Friðjónsson MF 5 0 0
0%
382 Santiago Ascacíbar MF 8 0 1
0%
294 Sargis Adamyan MF, FW 15 5 1
0%
455 Sarpreet Singh MF, FW 2 0 0
0%
416 Sebastian Langkamp DF 5 0 0
0%
319 Sebastian Polter FW 13 2 2
0%
197 Sebastian Schonlau DF 23 2 0
0%
47 Sebastian Vasiliadis MF 32 1 1
0%
276 Sergio Córdova MF, FW 16 2 1
0%
481 Simon Falette DF 1 0 0
0%
198 Simon Terodde FW 23 3 1
0%
259 Stefan Ilsanker DF, MF 18 2 1
0%
482 Stefanos Kapino GK 1 0 0
0%
236 Stephan Lichtsteiner DF, MF 20 0 1
0%
348 Steven Skrzybski DF, MF, FW 11 1 2
0%
305 Steven Zuber DF, MF, FW 14 2 0
0%
176 Streli Mamba FW 24 5 2
0%
403 Suleiman Abdullahi MF, FW 6 1 0
0%
417 Thomas Pledl MF, FW 5 0 0
0%
214 Timothy Chandler DF, MF 22 5 1
0%
69 Tin Jedvaj DF 31 2 0
0%
485 Tobias Raschl MF 1 0 0
0%
358 Tobias Strobl DF, MF 10 0 0
0%
178 Tomáš Koubek GK 24 0 0
0%
486 Tom Krauß MF 1 0 0
0%
321 Toni Leistner DF 13 0 0
0%
487 Torben Müsel MF, FW 1 0 0
0%
278 William DF, FW 16 1 1
0%
260 Yannick Gerhardt DF, MF, FW 18 2 0
0%
442 Yannik Keitel DF, MF 3 0 0
0%
456 Yvon Mvogo GK 2 0 0
0%
No matching quizzes found
Score Distribution
Percent of People with Each Score
Percentile by Number Answered
Your Score History
You have not taken this quiz